00258nam a2200085Ia 4500001000800000005001700008008004100025245005700066260004900123110695120250827003448.0250824s9999 xx 000 0 und d 0aGÜNAYDIN UÇUÇ BÖCEĞİcRAMAZAN TEKNİKEL bMİLLİ EĞİTİM BAKANLIĞI YAYINLARI